| 000 | 00661nam a22001937a 4500 | ||
|---|---|---|---|
| 005 | 20251108164842.0 | ||
| 008 | 250721s1982 xx 000 0 ara d | ||
| 082 | 1 | 4 | _a814/وجد |
| 100 | 1 | _aوجدي، محمد فريد | |
| 245 | 1 | 0 |
_aالوجديات : _bمقامات محمد فريد وجدي / |
| 264 | 1 |
_aبيروت : _bدار الكتاب اللبناني - مكتبة المدرسة، _c1982. |
|
| 300 | _a384ص | ||
| 650 | 1 | 7 | _aالمقامات |
| 650 | 1 | 7 | _aالأدب العربي |
| 700 | 1 |
_aخفاجي، محمد عبد المنعم _eتحقيق |
|
| 700 | 1 |
_aشرف، عبد العزيز _eتحقيق |
|
| 942 |
_2ddc _cBK |
||
| 999 |
_c15899 _d15899 |
||